| 000 | 00577nam a2200229Ia 4500 | ||
|---|---|---|---|
| 003 | OSt | ||
| 005 | 20220928102939.0 | ||
| 006 | a|||||r|||| 00| 0 | ||
| 007 | ta | ||
| 008 | 220927b |||||||| |||| 00| 0 eng d | ||
| 024 | _a62041 | ||
| 037 | _cTextual | ||
| 040 |
_aSDCL _cSDCL _beng |
||
| 041 |
_2eng _aeng |
||
| 082 | _aNTv, N9 | ||
| 100 |
_aRastaugi Girish _9401327 |
||
| 245 | 0 | _aRang-bhasha | |
| 260 |
_aNew Delhi _bRastia Natia Vidhyalaya _c1999 |
||
| 300 |
_a190p _ccm. |
||
| 942 |
_hNTv, N9 _cTEXL _2CC |
||
| 999 |
_c717212 _d717212 |
||